00433 2200169 4500001002100000005001500021035002000036007000300056008004100059020001800100082001000118084001600128100001700144245004400161260004100205856001700246INLIS00000000000081020220907083436 a0010-0922000091ta220907 g 0 ind  a9789792671643 a398.2 a398.2 ANN r0 aAnna Martina1 aRahasia makanan yang sengaja dibusukkan ajakarta :bArmandelta selaras,c2008 aKoleksi Umum